After baby shape-up [

Bibliographic Details
Main Author: Austin, Denise
Format: Book
Published: Hong Kong : Busy Trading , 19_.
Subjects:

MARC

LEADER 00000cam a2200000 7i4500
001 0000000105
002 000000120
005 20021002.0
020 |a 000000120 
090 0 0 |a 613.7045   |b AUS 
100 0 |a Austin, Denise 
245 1 0 |a After baby shape-up [  |h video recording]   |c Denise Austin 
260 |a Hong Kong :   |b Busy Trading ,   |c 19_. 
300 |a 1 Video recording VHS (20 minutes) :   |b col.(PAL) 
650 0 0 |a Physical fitness   |x Exercise 
650 0 0 |a Reducing 
999 |a AV 00420   |b VIDEO   |c PINJAMAN   |e PERPUSTAKAAN KOMUNITI PETALING JAYA 
999 |a PV0097   |b VIDEO   |c RUJUKAN   |e PERPUSTAKAAN KOMUNITI PETALING JAYA